00493nam a2200193Ia 4500008004100000020001800041050001400059100002000073245003200093245002500125245004900150260001500199260001600214260000900230300001500239300002700254300001000281500000800291170918s9999 xx 000 0 und d a9780590275996 bH737 1994 aHollander, Cass aWhy bear has a short tail : ba traditional tale / cCass Hollander ; illustrated by Cathy Pavia. aNew York : bScholastic, c1994 a16 pages : bcolored illustration ; c19cm. a400